1868 1729 1475 1261 1465 1210 1869 1364 1988 1890 1382 1433 1479 1407 1092 1323 1926 1850 1518 1162 1034 1606 1565 1417 1912 1368 1949 1988 1226 1335 1190 1280 1711 1518 1242 1211 1052 1180 1788 1169 1903 1993 1339 1279 1375 1884 1273 1681 1294 1212 1879 1812 1242 1547 1589 1728 1254 1342 1700 1158 1236 1640 1206 1493 1520 1035 1130 1328 1840 1402 1593 1920 1850 1441 1885 1625 1642 1630 1586 1348 1830 1504 1231 1332 1708 1500 1864 1147 1682 1263 1187 1687 1153 1677 1440 1845 1408 1229 1180 BCNSPRNW ULIB Ver.6.0+V

เปลี่ยนเป็นภาษาไทย

Change to English
 แสดงรายละเอียดบรรณานุกรม
  กลับหน้าหลัก

Brief Record : Get Marc (ISO 2709) : E-mail record : QR code < ปิดหน้าต่าง
LEADER : 00000nam 2200000uu 4500
001    13399129218
003     ULIB
008    260511s2568||||th 000 0 tha d
020 ^  ^a9786166268386
050 ^  ^aBF120^bอ398ร
100 ^  ^aอริยา คูหา.
245 ^  ^aแรงจูงใจและอารมณ์ จากบทเรียนสู่ความสำเร็จ :^bMotiuation and Emotion From Lesson to Success /^cอริยา คูหา.
250 ^  ^aพิมพ์ครั้งที่ 2.
260 ^  ^aสงขลา :^bโรงพิมพ์ฝ่ายเทคโนโลยี และนวัตกรรมการเรียนรู้ สำนักวิทยบริการ มหาวิทยาลัยสงขลานครินทร์ ,^c2568.
300 ^  ^a237 หน้า :^bตาราง : ภาพประกอบ
650 ^  ^aจิตวิทยา.
999    ^aประนอม เกษจรัล
รายการนี้ยังไม่มีแท็ก
คุณยังไม่ได้ล็อกอิน คุณสามารถมีกิจกรรมร่วมกับเว็บไซต์ได้ แต่ต้องล็อกอินก่อน ::
  ล็อกอิน

รายการสื่อสารสนเทศ

ลำดับที่ ประเภท เลขเรียก/บาร์โค้ด สถานที่ สถานะ
1. การศึกษาทั่วไป
หนังสือสำรอง
สถานะ=หนังสือสำรอง
BF120 อ398ร ฉ.1 
  Barcode: 012208
ห้องสมุดวิทยาเขตสวรรค์ประชารักษ์
►หนังสือทั่วไป
บนชั้น
*เพิ่งรับคืน
2. การศึกษาทั่วไป
การศึกษาทั่วไป
BF120 อ398ร ฉ.2 
  Barcode: 012209
ห้องสมุดวิทยาเขตสวรรค์ประชารักษ์
►หนังสือทั่วไป
บนชั้น
*เพิ่งรับคืน
3. การศึกษาทั่วไป
การศึกษาทั่วไป
BF120 อ398ร ฉ.3 
  Barcode: 012210
ห้องสมุดวิทยาเขตสวรรค์ประชารักษ์
►หนังสือทั่วไป
บนชั้น
*เพิ่งรับคืน
4. การศึกษาทั่วไป
การศึกษาทั่วไป
BF120 อ398ร ฉ.4 
  Barcode: 012211
ห้องสมุดวิทยาเขตสวรรค์ประชารักษ์
►หนังสือทั่วไป
บนชั้น
*เพิ่งรับคืน
5. การศึกษาทั่วไป
การศึกษาทั่วไป
BF120 อ398ร ฉ.5 
  Barcode: 012212
ห้องสมุดวิทยาเขตสวรรค์ประชารักษ์
►หนังสือทั่วไป
บนชั้น
*เพิ่งรับคืน

รายการใกล้เคียง
    หัวเรื่อง [จิตวิทยา.]

BibComment


ยังไม่เคยถูกคอมเมนท์

คอมเมนท์ทรัพยากรรายการนี้
  คอมเมนท์: แรงจูงใจและอารมณ..


 Copyright 2026. Bcnsprnw @Library